[Event "Brasschaat op 11th"]
[Site "Brasschaat"]
[Date "2011.08.21"]
[Round "2"]
[White "Gergacz, Attila"]
[Black "Dardha, Bardhyl"]
[Result "1-0"]
[WhiteElo "2436"]
[BlackElo "1870"]
[PlyCount "107"]
[EventDate "2011.08.20"]
[EventType "swiss"]
[EventRounds "9"]
[EventCountry "BEL"]
[SourceTitle "CBM 144 Extra"]
[Source "ChessBase"]
[SourceDate "2011.10.28"]
[SourceVersion "1"]
[SourceVersionDate "2011.10.28"]
[SourceQuality "1"]

1. e4 c5 2. Nf3 Nc6 3. d4 cxd4 4. Nxd4 Nf6 5. Nc3 g6 6. Be3 Bg7 7. f3 0-0 8. g4 d6 9. Qd2 Qa5 10. 0-0-0 Nxd4 11. Bxd4 Be6 12. a3 Rab8 13. Kb1 Rfc8 14. h4 b5 15. Nd5 Qxd2 16. Rxd2 Bxd5 17. exd5 a6 18. Bh3 Rc7 19. Re1 Kf8 20. Bf1 Ne8 21. Be3 b4 22. a4 a5 23. Bb5 Nf6 24. h5 Nd7 25. h6 Bh8 26. f4 Nb6 27. Rd3 Nc4 28. Bd4 Bxd4 29. Rxd4 Nb6 30. f5 Kg8 31. fxg6 hxg6 32. g5 Rf8 33. Bd3 Nc8 34. Rf4 Kh7 35. Re6 f5 36. gxf6 exf6 37. Rfxf6 Rxf6 38. Rxf6 Ne7 39. Rxd6 Kxh6 40. Be4 Rc5 41. Rd8 Rc4 42. Bf3 Rc8 43. Rd6 Rf8 44. Be4 Rg8 45. Re6 Nc8 46. c4 bxc3 47. bxc3 Kh5 48. c4 g5 49. c5 g4 50. d6 Nxd6 51. cxd6 Rb8+ 52. Kc2 Rb4 53. d7 Rd4 54. Re5+ 1-0